000 00544nam a2200229Ia 4500
003 OSt
005 20140311163101.0
008 140130s9999 xx 000 0 und d
020 _a0590339656
050 _aPZ 7
_b.As778Hap 1982
100 _aAsch, Frank
_922872
245 _aHappy birthday, Moon /
_cAsch, Frank
260 _bScholastic,
_c1982.
_aNew York :
300 _bcol. ill. ;
_c19 cm.
440 _v1
_931174
521 _aG2
526 _c440
942 _cBK
_2lcc
999 _c40351
_d40351